000 00836nam a22002777a 4500
003 CHAP
005 20220329135724.0
008 971013s1970 r 00010 d
010 _a41101
011 _a42073
035 _a46200
040 _cCHAP
090 _aFolleto 2477
100 0 0 _aMueller, K. E.
_979277
245 _aField problems of tropical rice
260 _aLos BaƱos, Filipinas :
_bInternational Rice Research Institute,
_c1970
300 _a95 p.
_b: ilus
590 _aBATCH-UPD
_b10
_c20130110
_lUCH01
_h0920
590 _aCONVERSION
_b10
_c20130109
_lUCH01
_h1323
650 1 4 _aArroz
_xEnfermedades.
_97600
650 1 4 _aArroz
_xPlagas.
_97643
901 _aBK
942 _cFOLL
949 _aFolleto 2477
_bBC
_cFOLL
_d-105286
_eTS1
_i46200
_mD
_si
949 _aFolleto 2477
_bBC
_cFOLL
_d-105287
_eTS2
_fc.2
_i46200
_mD
_si
999 _c41101
_d41101